Normal view
MARC view
- Garde, R J
Entry Personal Name
001 - CONTROL NUMBER
- control field: 7690
003 - CONTROL NUMBER IDENTIFIER
- control field: OSt
005 - DATE AND TIME OF LATEST TRANSACTION
- control field: 20250806155935.0
008 - FIXED-LENGTH DATA ELEMENTS
- fixed length control field: 250806|| aca||aabn | a|a d
040 ## - CATALOGING SOURCE
- Original cataloging agency: OSt
- Transcribing agency: OSt
100 ## - HEADING--PERSONAL NAME
- Personal name: Garde, R J
670 ## - SOURCE DATA FOUND
- Source citation: Work cat.: (OSt)5728: Garde, R J ., Mechanics of sediment transportation and alluvial stream problems / , 1985.
